<?xml version="1.0" encoding="UTF-8"?>
<collection xmlns="http://www.loc.gov/MARC21/slim">
 <record>
  <leader>01596aam a22002298a 4500</leader>
  <controlfield tag="001">NCT_5620</controlfield>
  <controlfield tag="008">080811s2008                  ||||||viesd</controlfield>
  <datafield tag="999" ind1=" " ind2=" ">
   <subfield code="c">285</subfield>
   <subfield code="d">285</subfield>
  </datafield>
  <datafield tag="020" ind1=" " ind2=" ">
   <subfield code="c">44000</subfield>
  </datafield>
  <datafield tag="082" ind1="0" ind2="4">
   <subfield code="2">23rd ed.</subfield>
   <subfield code="a">666</subfield>
   <subfield code="b">L561</subfield>
  </datafield>
  <datafield tag="100" ind1="1" ind2=" ">
   <subfield code="a">Võ Đình Lương</subfield>
  </datafield>
  <datafield tag="245" ind1="1" ind2="0">
   <subfield code="a">Hoá học và công nghệ sản xuất xi măng</subfield>
   <subfield code="c">Võ Đình Lương</subfield>
  </datafield>
  <datafield tag="260" ind1=" " ind2=" ">
   <subfield code="a">H.</subfield>
   <subfield code="b">Khoa học và Kỹ thuật</subfield>
   <subfield code="c">2008</subfield>
  </datafield>
  <datafield tag="300" ind1=" " ind2=" ">
   <subfield code="a">235tr.</subfield>
   <subfield code="b">minh hoạ</subfield>
   <subfield code="c">24cm</subfield>
  </datafield>
  <datafield tag="520" ind1="3" ind2=" ">
   <subfield code="a">Nội dung tài liệu trình bày khái niệm, đặc điểm, tính chất, quá trình của vôi xây dựng, thạch cao xây dựng. Đặc trưng, thành phần, nguyên liệu, nhiên liệu gia công, chuẩn bị, quá trình nung luyện, nghiền, hoá lí quá trình đóng rắn của xi măng Portland. Giới thiệu các loại xi măng thông dụng khác như: xi măng Porland - Puzoland. Porland - xỉ và xi măng Alumin</subfield>
  </datafield>
  <datafield tag="653" ind1=" " ind2=" ">
   <subfield code="a">Sản xuất xi măng</subfield>
  </datafield>
  <datafield tag="655" ind1=" " ind2=" ">
   <subfield code="a">Công nghệ Kỹ thuật hóa học</subfield>
  </datafield>
  <datafield tag="942" ind1=" " ind2=" ">
   <subfield code="2">ddc</subfield>
   <subfield code="c">BK</subfield>
  </datafield>
  <datafield tag="952" ind1=" " ind2=" ">
   <subfield code="0">0</subfield>
   <subfield code="1">0</subfield>
   <subfield code="2">ddc</subfield>
   <subfield code="4">0</subfield>
   <subfield code="6">666_000000000000000_L561</subfield>
   <subfield code="7">0</subfield>
   <subfield code="9">1885</subfield>
   <subfield code="a">000001</subfield>
   <subfield code="b">000001</subfield>
   <subfield code="d">2017-10-23</subfield>
   <subfield code="o">666 L561</subfield>
   <subfield code="p">MD.04645</subfield>
   <subfield code="r">2017-10-23</subfield>
   <subfield code="v">44000.00</subfield>
   <subfield code="w">2017-10-23</subfield>
   <subfield code="y">BK</subfield>
  </datafield>
  <datafield tag="952" ind1=" " ind2=" ">
   <subfield code="0">0</subfield>
   <subfield code="1">0</subfield>
   <subfield code="2">ddc</subfield>
   <subfield code="4">0</subfield>
   <subfield code="6">666_000000000000000_L561</subfield>
   <subfield code="7">0</subfield>
   <subfield code="9">1886</subfield>
   <subfield code="a">000001</subfield>
   <subfield code="b">000001</subfield>
   <subfield code="d">2017-10-23</subfield>
   <subfield code="o">666 L561</subfield>
   <subfield code="p">MD.04646</subfield>
   <subfield code="r">2017-10-23</subfield>
   <subfield code="v">44000.00</subfield>
   <subfield code="w">2017-10-23</subfield>
   <subfield code="y">BK</subfield>
  </datafield>
  <datafield tag="952" ind1=" " ind2=" ">
   <subfield code="0">0</subfield>
   <subfield code="1">0</subfield>
   <subfield code="2">ddc</subfield>
   <subfield code="4">0</subfield>
   <subfield code="6">666_000000000000000_L561</subfield>
   <subfield code="7">0</subfield>
   <subfield code="9">1887</subfield>
   <subfield code="a">000001</subfield>
   <subfield code="b">000001</subfield>
   <subfield code="d">2017-10-23</subfield>
   <subfield code="o">666 L561</subfield>
   <subfield code="p">MD.04647</subfield>
   <subfield code="r">2017-10-23</subfield>
   <subfield code="v">44000.00</subfield>
   <subfield code="w">2017-10-23</subfield>
   <subfield code="y">BK</subfield>
  </datafield>
  <datafield tag="980" ind1=" " ind2=" ">
   <subfield code="a">Thư viện Trường Đại học Nam Cần Thơ</subfield>
  </datafield>
 </record>
</collection>
